| 000 | 00515nam a22001577a 4500 | ||
|---|---|---|---|
| 082 |
_a621.31 _bFAR |
||
| 100 |
_aFarooq, Umar(361188) _9120037 |
||
| 245 | _aAging Investigation of Polyvinyl chloride with zinc oxide micro-fillers for High Voltage and High-temperature Applications / | ||
| 264 |
_aIslamabad : _bUSPCAS-E, NUST _cNovember, 2023. |
||
| 300 |
_axi, 79 p. _e+CD |
||
| 520 | _aTH-538 | ||
| 650 | _aMS EEP Thesis | ||
| 650 |
_aMS Thesis _918721 |
||
| 700 |
_aDr.Kashif Imran _9117108 |
||
| 942 |
_2ddc _cTHE |
||
| 999 |
_c607488 _d607488 |
||